000 00265nam a22000977a 4500
999 _c11666
_d11666
008 191125b ||||| |||| 00| 0 eng d
020 _a9789387644359
100 _aBanerjee Sayan
_97368
245 _aInformation Technology-IX
260 _aNew Delhi
_bGoyal Brothers
_c2019